Potravinový bumerang v 2024: Prečo sa ceny vrátili späť k rastu?

Enregistré dans:
Détails bibliographiques
Auteur principal: Hudcovský, Martin, 1988-
Format: Chapitre de livre
Langue:slovaque
Tags: Ajouter un tag
Pas de tags, Soyez le premier à ajouter un tag!

MARC

LEADER 00000naa a2200000 4500
001 0311738
005 20250730092324.9
041 0 |a slo 
044 |a SK 
245 1 0 |a Potravinový bumerang v 2024: Prečo sa ceny vrátili späť k rastu?  |c Martin Hudcovský 
100 1 |a Hudcovský, Martin, 1988-